00993nam a22002777a 45000010005000000030006000050050017000110080041000280200018000690400029000870500017001160820016001331000023001492450046001722500032002182600038002503000044002884900023003325050008003555200149003635210020005125210020005326500051005526500051006036500061006546326FISKH20250422111002.0250422b cb ||||| |||| 00| 0 eng d a9780439263207 aFISKHbengcFISKHdFISKH aTL540.W7 S84 a629.1300922 aSullivan , George  aThe wright brothers /cBy George Sullivan aFirst printing , March 2002 aNew York : bScholastic ; c2002. a127 pages : billustrations ;c19 cm .  aIn Their Own Words aU  aA biography of the brothers responsible for developing the first airplane, featuring excerpts from their journal entries, letters and drawings. 8 a840 bLexile 8 aU bRaz-Plus  aWright, Wilbur 1871-1948vJuvenile Literature  aWright, Wilbur 1867-1912vJuvenile Literature  aAeronautic-United States-BiographyvJuvenile Literature